Statystyki dla Zgadnij kraj z którego pochodzą te samochody.

Kliknij tutaj aby rozwiązać quiz!

Ogólne statystyki

  • Ten quiz został rozwiązany 313 razy
  • Średni wynik to 9 z 10

Statystyki odpowiedzi

MarkaPaństwo% Poprawnych
BMW, Audi, OpelNiemcy
100%
Renault, Bugatti, PeugeotFrancja
99%
Mitsubishi, Mazda, ToyotaJaponia
98%
Cadillac, Ford, JeepUSA
94%
Fiat, Lancia, MaseratiWłochy
94%
SeatHiszpania
89%
Land Rover, Bentley, Aston MartinWielka Brytania
88%
Volvo, Saab, ScaniaSzwecja
87%
DaciaRumunia
70%
ZenvoDania
46%

Rozkład punktacji

Percentyl według liczby udzielonych odpowiedzi

Procent ludzi z każdym wynikiem

Twoja historia wyników

Nie rozwiązałeś tego quizu